Países com armas na bandeira - Statistics

Estatísticas Gerais
  • Esse quiz foi jogado 26 vezes
  • A pontuação média é 8 de 16
Estatísticas das Respostas
Dicas Países % Correto
Fuzil, país africano Moçambique
88%
Machete/facão, país africano Angola
84%
Tridente, país caribenho Barbados
84%
Espada, país asiático Arábia Saudita
76%
Lanças, américa do sul Equador
68%
Lanças, bandeira estatal, américa do sul Bolívia
60%
Rifles e espadas, américa central Guatemala
52%
Canhões, rifles e lanças, país caribenho Haiti
52%
Lanças, américa central El salvador
44%
Espada, país asiático insular Sri Lanka
40%
Espada, país europeu insular Malta
32%
Lanças, país caribenho República Dominicana
32%
Espada, país asiático Irã
28%
Lanças, país africano Essuatíni
24%
Lanças, país africano Quênia
24%
Punhal e espadas, país asiático Omã
20%
Nenhum quiz correspondente encontrado
Distribuição das Pontuações
Porcentagem de Pessoas com Cada Pontuação
Percentil de Números Respondidos
Sua Pontuação Histórica
Você não jogou esse quiz